000
00280nam a22001337a 4500
003
SGT
082
_a
050
_b
G23S
100
_a
SHARAN, SANJAY
245
_a
GRIHASTHA YOGI
260
_a
INDIA
_b
D.K. PRESS PUB
_c
2023
300
_a
132
650
_a
GENERAL BOOKS
942
_2
ddc
_c
BK
999
_c
27675
_d
27675